000 00244nam a2200097Ia 4500
001 689996
005 20250826161808.0
008 250824s9999 xx 000 0 und d
245 0 _aBANA İKİMİZİ ANLAT
_cAHMET BATMAN
260 _bDESTEK YAYINLARI
999 _c689996
_d689996